000 00376nam a2200145Ia 4500
008 231129s1995||||xx |||||||||||||| ||spa||
020 _a958-607-761-6
040 _bspa
082 _a658.4092 ó48t
100 _aOliveira Paulo de
245 0 _aTécnicas de liderazgo hoy
260 _c1995
264 _aSan Pablo
942 _2ddc
_cBKS
999 _c25083
_d25083